Statistics for Scrambled Words

Click here to take the quiz!

General Stats

  • This quiz has been taken 15 times
  • The average score is 6 of 8

Answer Stats

HintAnswer% Correct
oiafSSofia
100%
naitsirhCChristian
92%
ihhi
92%
ohwhow
92%
skahtnthanks
83%
llhoehello
67%
aGrebliGabriel
42%
aobroLdLabordo
0%

Score Distribution

Percentile by Number Answered

Percent of People with Each Score

Your Score History

You have not taken this quiz